Inbound logistics management : (Record no. 5910)

MARC details
000 -LEADER
fixed length control field 00699nam a22002297a 4500
003 - CONTROL NUMBER IDENTIFIER
control field OSt
005 - DATE AND TIME OF LATEST TRANSACTION
control field 20171211150710.0
008 - FIXED-LENGTH DATA ELEMENTS--GENERAL INFORMATION
fixed length control field 171211b xxu||||| |||| 00| 0 eng d
020 ## - INTERNATIONAL STANDARD BOOK NUMBER
International Standard Book Number 9780273720485
040 ## - CATALOGING SOURCE
Transcribing agency 040a
082 ## - DEWEY DECIMAL CLASSIFICATION NUMBER
Classification number 658.5
Item number CRO 2012
100 ## - MAIN ENTRY--PERSONAL NAME
Personal name Crocker, Barry
9 (RLIN) 12283
245 ## - TITLE STATEMENT
Title Inbound logistics management :
Remainder of title storageand supply of materials for the modern supply chain /
Statement of responsibility, etc. Barry Crocker, David Jessop, Alex Morrison
250 ## - EDITION STATEMENT
Edition statement 7th.ed.
260 ## - PUBLICATION, DISTRIBUTION, ETC. (IMPRINT)
Place of publication, distribution, etc. Harlow
Name of publisher, distributor, etc. Pearson
Date of publication, distribution, etc. 2012
300 ## - PHYSICAL DESCRIPTION
Extent xviii, 315p;
Other physical details ill :
Dimensions 20 cm.
504 ## - BIBLIOGRAPHY, ETC. NOTE
Bibliography, etc Includes index
650 ## - SUBJECT ADDED ENTRY--TOPICAL TERM
Topical term or geographic name as entry element Logistics
9 (RLIN) 7242
700 ## - ADDED ENTRY--PERSONAL NAME
Personal name Jessop, David
9 (RLIN) 12284
700 ## - ADDED ENTRY--PERSONAL NAME
Personal name Morrison, Alex
9 (RLIN) 12285
942 ## - ADDED ENTRY ELEMENTS (KOHA)
Source of classification or shelving scheme Dewey Decimal Classification
Koha item type Open Shelf
Holdings
Withdrawn status Lost status Source of classification or shelving scheme Damaged status Not for loan Home library Current library Date acquired Source of acquisition Inventory number Total Checkouts Full call number Barcode Date last seen Price effective from Koha item type
    Dewey Decimal Classification     MUST Main Library MUST Main Library 11/12/2017   2017/40432   658.5 CRO 2012 2017-0965 11/12/2017 11/12/2017 Open Shelf
    Dewey Decimal Classification     MUST Main Library MUST Main Library 11/12/2017   2017/40369   658.5 CRO 2012 2017-0966 11/12/2017 11/12/2017 Open Shelf